UM Logo

Dispute resolutions and crises/incidents management / (Record no. 17510)

MARC details
000 -LEADER
fixed length control field 00713nam a2200193 4500
008 - FIXED-LENGTH DATA ELEMENTS--GENERAL INFORMATION
fixed length control field 221027b ||||| |||| 00| 0 eng d
020 ## - INTERNATIONAL STANDARD BOOK NUMBER
International Standard Book Number 9789719647638
082 ## - DEWEY DECIMAL CLASSIFICATION NUMBER
Edition number 2022
Classification number DFil 658.405
Item number Se391
100 ## - MAIN ENTRY--PERSONAL NAME
Personal name Seguido, Michael S.
9 (RLIN) 46568
245 ## - TITLE STATEMENT
Title Dispute resolutions and crises/incidents management /
Statement of responsibility, etc. Michael S. Seguido and Rowela Cartin-Pecson.
260 ## - PUBLICATION, DISTRIBUTION, ETC. (IMPRINT)
Place of publication, distribution, etc. Quezon City :
Name of publisher, distributor, etc. ChapterHouse Publishing Incorporated,
Date of publication, distribution, etc. ©2022.
300 ## - PHYSICAL DESCRIPTION
Extent 220 pages ;
Dimensions 22 cm.
500 ## - GENERAL NOTE
General note Includes bibliographical references.<br/>
650 ## - SUBJECT ADDED ENTRY--TOPICAL TERM
Topical term or geographic name as entry element Crisis management.
9 (RLIN) 46569
650 ## - SUBJECT ADDED ENTRY--TOPICAL TERM
Topical term or geographic name as entry element Management.
9 (RLIN) 46570
650 ## - SUBJECT ADDED ENTRY--TOPICAL TERM
Topical term or geographic name as entry element Conflict management.
9 (RLIN) 4576
700 ## - ADDED ENTRY--PERSONAL NAME
Personal name Cartin-Pecson, Rowela.
Relator term author.
9 (RLIN) 46571
942 ## - ADDED ENTRY ELEMENTS (KOHA)
Source of classification or shelving scheme Dewey Decimal Classification
Koha item type Filipiniana
Holdings
Withdrawn status Lost status Source of classification or shelving scheme Damaged status Not for loan Collection code Home library Current library Date acquired Source of acquisition Cost, normal purchase price Total Checkouts Full call number Barcode Date last seen Copy number Price effective from Koha item type
    Dewey Decimal Classification     Filipiniana UM Digos College - LIC UM Digos College - LIC 08/16/2022 Purchased 699.00   DFil 658.405 Se391 2022 27007 05/15/2025 1 10/27/2022 Filipiniana
    Dewey Decimal Classification     Filipiniana UM Digos College - LIC UM Digos College - LIC 08/16/2022 Purchased 699.00   DFil 658.405 Se391 2022 27008 05/15/2025 2 10/27/2022 Filipiniana
    Dewey Decimal Classification     Filipiniana UM Digos College - LIC UM Digos College - LIC 08/16/2022 Purchased 699.00   DFil 658.405 Se391 2022 27009 05/15/2025 3 10/27/2022 Filipiniana